| 000 | 02674nam0a2200433 4500 | ||
|---|---|---|---|
| 001 | RU\NLR\BIBL_A\011817734 | ||
| 005 | 20250626134709.0 | ||
| 020 |
_aRU _b18467 _9Сводный каталог листовок первых лет Советской власти (25 октября (7 ноября) 1917 - 1925) Т.6. Листовки органов военного управления отдельных воинских соединений и частей военных организаций и учреждений |
||
| 035 | _a(NLR Aleph) 011817734 | ||
| 090 |
_a11948296 _c11948296 |
||
| 100 | _a20181011j19201019|||y0rusy50 ca | ||
| 101 | 0 | _arus | |
| 102 | _aRU | ||
| 105 | _ay z 000zy | ||
| 135 | _acrcn 024anaba | ||
| 200 | 1 |
_aПриказ по гарнизону города Симбирска № 134, 19 окт. 1920 г., гор. Симбирск. "§ 1. При сем объявляю приказ наблюдающего..." _e[листовка] |
|
| 210 |
_aСимбирск _cСимб. тип. № 3 СНХ _d1920, окт., 19 |
||
| 215 |
_a1 с. _d31х18 |
||
| 300 | _aПодписи: начальник Гарнизона гор. Симбирска Мухин, адъютант Блохин | ||
| 325 | _aКопия доступна в Электрон. б-ке РНБ | ||
| 327 | 1 | _aОб укреплении воинской дисциплины | |
| 517 | 1 | _aПри сем объявляю приказ наблюдающего... | |
| 540 | 1 | _aОб укреплении воинской дисциплины | |
| 601 | 0 | 2 |
_aПриволжский военный округ _jЛистовки _92041970 _3RU\NLR\AUTH\66941386 |
| 607 |
_aРСФСР _jЛистовки _xПолитика и управление _y1917 - 1925 _92312782 _3RU\NLR\auth\6601609564 |
||
| 686 | 0 | _aТ3(2)71-313,011 | |
| 686 | 0 | _aЦ4,6(2)13,011 | |
| 702 | 1 |
_4720 _7ca _8rus _aМухин _cучастник установления советской власти, воен. комиссар, Мелекесс _9191235 _3RU\NLR\AUTH\770191286 |
|
| 702 | 1 |
_4720 _aБлохин _cучастник установления советской власти, г. Симбирск _9207612 _3RU\NLR\AUTH\770207665 |
|
| 710 | 0 | 2 |
_aНачальник гарнизона города Симбирска _9645203 _3RU\NLR\AUTH\880492591 |
| 852 | 0 | 0 |
_aNLR _bФЛ _j67/165 |
| 942 | _cBOOK | ||
| 980 | _aNB | ||
| 981 | 2 | 1 |
_a(21) Листовки _b(21) Листовки 1920 года |